000 00783nas a2200229 4500
001 BR7800258
003 BR-BrBNA
005 20231205083300.0
007 ta
008 230509b bl.|||p| |||| 00| 00por d
040 _aBR-BrBNA
_bpor
_cBiblioteca Nacional de Agricultura
041 _a(Pt)
072 _aE70
110 1 _aBanco do Nordeste do Brasil S.A., Fortaleza, CE (Brasil). Depto. de Estudos Economicos do Nordeste
_91142
245 1 _aCera de carnauba. Conjuntura nacional e internacional [comercializacao, Brasil]
650 _aCERA
650 _aCARNAUBA
650 _aEXPORTACAO
773 0 _tInformes Conjunturais da Agropecuaria do Nordeste (Brazil)
_x
_g(Jan 1977), v. 3(1) p. 47-55
_wBR7800258
909 _a202311
_bLúcia
_c55
_dLúcia Elande
942 _2AGRIS
_n0
_cANA
999 _c97694
_d97694